<?xml version="1.0" encoding="UTF-8"?>
<record
    xmlns:xsi="http://www.w3.org/2001/XMLSchema-instance"
    xsi:schemaLocation="http://www.loc.gov/MARC21/slim http://www.loc.gov/standards/marcxml/schema/MARC21slim.xsd"
    xmlns="http://www.loc.gov/MARC21/slim">

  <leader>00607nas a2200157 a 4500</leader>
  <controlfield tag="005">20241008113910.0</controlfield>
  <controlfield tag="007">ta</controlfield>
  <controlfield tag="008">241008e2016    dr |||p|r||||||0| ||spa d</controlfield>
  <datafield tag="040" ind1=" " ind2=" ">
    <subfield code="a">DO-SdBNP</subfield>
    <subfield code="c">BNPHU</subfield>
    <subfield code="e">rda</subfield>
  </datafield>
  <datafield tag="245" ind1=" " ind2=" ">
    <subfield code="a">El Defensor : </subfield>
    <subfield code="b">bolet&#xED;n informativo /</subfield>
    <subfield code="c">Defensor del Pueblo.</subfield>
  </datafield>
  <datafield tag="260" ind1=" " ind2=" ">
    <subfield code="a">Santo Domingo, Rep&#xFA;blica Dominicana : </subfield>
    <subfield code="b">Defensor del Pueblo, </subfield>
    <subfield code="c">2016. </subfield>
  </datafield>
  <datafield tag="300" ind1=" " ind2=" ">
    <subfield code="a">volumen : </subfield>
    <subfield code="b">ilustraciones, fotograf&#xED;as, gr&#xE1;ficas ; </subfield>
    <subfield code="c">28 cm.</subfield>
  </datafield>
  <datafield tag="310" ind1=" " ind2=" ">
    <subfield code="a">Cuatrimestral</subfield>
  </datafield>
  <datafield tag="500" ind1=" " ind2=" ">
    <subfield code="a">15 de mayo, Aniversario del Defensor del Pueblo.</subfield>
  </datafield>
  <datafield tag="942" ind1=" " ind2=" ">
    <subfield code="2">ddc</subfield>
    <subfield code="c">ISSUE</subfield>
    <subfield code="h">A&#xF1;o: 2016: No. 2.</subfield>
  </datafield>
  <datafield tag="952" ind1=" " ind2=" ">
    <subfield code="0">0</subfield>
    <subfield code="1">0</subfield>
    <subfield code="2">ddc</subfield>
    <subfield code="4">0</subfield>
    <subfield code="7">5</subfield>
    <subfield code="8">SE</subfield>
    <subfield code="a">BNPHU</subfield>
    <subfield code="b">BNPHU</subfield>
    <subfield code="d">2024-10-08</subfield>
    <subfield code="h">A&#xF1;o: 2016: No. 2. (enero-abril)</subfield>
    <subfield code="l">0</subfield>
    <subfield code="p">2024-5635</subfield>
    <subfield code="r">2024-10-08</subfield>
    <subfield code="t">e.1</subfield>
    <subfield code="w">2024-10-08</subfield>
    <subfield code="y">ISSUE</subfield>
  </datafield>
  <datafield tag="952" ind1=" " ind2=" ">
    <subfield code="0">0</subfield>
    <subfield code="1">0</subfield>
    <subfield code="2">ddc</subfield>
    <subfield code="4">0</subfield>
    <subfield code="7">5</subfield>
    <subfield code="8">SE</subfield>
    <subfield code="a">BNPHU</subfield>
    <subfield code="b">BNPHU</subfield>
    <subfield code="d">2024-10-08</subfield>
    <subfield code="h">A&#xF1;o: 2020: No. 5. (enero-abril)</subfield>
    <subfield code="l">0</subfield>
    <subfield code="p">2024-5636</subfield>
    <subfield code="r">2024-10-08</subfield>
    <subfield code="t">e.2</subfield>
    <subfield code="w">2024-10-08</subfield>
    <subfield code="y">ISSUE</subfield>
  </datafield>
  <datafield tag="952" ind1=" " ind2=" ">
    <subfield code="0">0</subfield>
    <subfield code="1">0</subfield>
    <subfield code="2">ddc</subfield>
    <subfield code="4">0</subfield>
    <subfield code="7">5</subfield>
    <subfield code="8">SE</subfield>
    <subfield code="a">BNPHU</subfield>
    <subfield code="b">BNPHU</subfield>
    <subfield code="d">2024-10-08</subfield>
    <subfield code="h">A&#xF1;o: 2020: No. 5. (enero-abril)</subfield>
    <subfield code="l">0</subfield>
    <subfield code="p">2024-5637</subfield>
    <subfield code="r">2024-10-08</subfield>
    <subfield code="t">e.3</subfield>
    <subfield code="w">2024-10-08</subfield>
    <subfield code="y">ISSUE</subfield>
  </datafield>
  <datafield tag="952" ind1=" " ind2=" ">
    <subfield code="0">0</subfield>
    <subfield code="1">0</subfield>
    <subfield code="2">ddc</subfield>
    <subfield code="4">0</subfield>
    <subfield code="7">5</subfield>
    <subfield code="8">SE</subfield>
    <subfield code="a">BNPHU</subfield>
    <subfield code="b">BNPHU</subfield>
    <subfield code="d">2024-10-08</subfield>
    <subfield code="h">A&#xF1;o: 2020: No. 5. (enero-abril)</subfield>
    <subfield code="l">0</subfield>
    <subfield code="p">2024-5638</subfield>
    <subfield code="r">2024-10-08</subfield>
    <subfield code="t">e.4</subfield>
    <subfield code="w">2024-10-08</subfield>
    <subfield code="y">ISSUE</subfield>
  </datafield>
  <datafield tag="999" ind1=" " ind2=" ">
    <subfield code="c">57777</subfield>
    <subfield code="d">57777</subfield>
  </datafield>
</record>
